=LDR 00000nam 2200000 4500 =001 NUTBA000000000006118 =005 20141121135121.0 =006 =007 =008 =020 ##$$a 979.758.521-2 =035 ##$$a 0010-111400000000597 =040 ##$$a NBPDMAT =082 ##$$a 550 =090 ##$$a 550$bBur l =100 ##$$a Bunie, David =245 ##$$a Lebih dekat dewngan bumiku planet yang indah$cDavid Burnie; penerjemah Yunita Farlina; editor Edi Warsidi; Yana Hidayat =260 ##$$a Bandung$bGrafindo Media Pratama$c2007 =300 ##$$a 3 jilid$bilus$c29 cm =500 ##$$a Yang diterima Jilid : 1, 2 dan 3 =650 ##$$a Bumi-Pelestarian =700 ##$$a Yunita Farlina; Edi Warsidi; Yana Hidayat =850 ##$$a NBPDMAT